000 00474nam a2200181Ia 4500
001 15319
005 20260306170147.0
008 260306t2019||||xx |||||||||||||| ||und||
041 _aESP
082 _a531.12
_bV66PI
100 _aVillarreal Castro, Genner
_eAUT
245 0 _aPrácticas y exámenes resueltos de estática para ingenieros civiles
260 _c2019
300 _a94 páginas :
_c29 cm.
650 _aGEN
654 _aCCN
942 _cLIB
_dJUS
_fJUS
_2ddc
_n
999 _c15319
_d15319